| 000 | 00469nam a22001697a 4500 | ||
|---|---|---|---|
| 003 | CEME | ||
| 005 | 20210628204402.0 | ||
| 008 | 210218b xxu||||| |||| 00| 0 eng d | ||
| 020 | _a1-56347-106-X | ||
| 040 | _c. | ||
| 082 | _a629.1 GLO'P | ||
| 100 |
_aParkinson, B.W Spilker, J.J _970142 |
||
| 245 | _aGlobal positioning system theory and applications progress in astronautics and aeronautics | ||
| 260 |
_aUSA _bAIAA _c1996 |
||
| 300 | _a2 VOLS | ||
| 942 |
_cBK _2ddc |
||
| 999 |
_c577175 _d577175 |
||